MARC details
| 000 -LEADER |
| fixed length control field |
02929cam a2200613 i 4500 |
| 001 - CONTROL NUMBER |
| control field |
1141902066 |
| 003 - CONTROL NUMBER IDENTIFIER |
| control field |
OCoLC |
| 005 - DATE AND TIME OF LATEST TRANSACTION |
| control field |
20250619161505.0 |
| 008 - FIXED-LENGTH DATA ELEMENTS--GENERAL INFORMATION |
| fixed length control field |
200221s2020 nyu e 000 1 eng |
| 010 ## - LIBRARY OF CONGRESS CONTROL NUMBER |
| LC control number |
2020008653 |
| 020 ## - INTERNATIONAL STANDARD BOOK NUMBER |
| International Standard Book Number |
9780593199305 |
| Qualifying information |
hardcover |
| 020 ## - INTERNATIONAL STANDARD BOOK NUMBER |
| International Standard Book Number |
0593199308 |
| Qualifying information |
hardcover |
| 020 ## - INTERNATIONAL STANDARD BOOK NUMBER |
| International Standard Book Number |
9780593334362 |
| Qualifying information |
paperback |
| 020 ## - INTERNATIONAL STANDARD BOOK NUMBER |
| International Standard Book Number |
9780593199312 |
| 020 ## - INTERNATIONAL STANDARD BOOK NUMBER |
| International Standard Book Number |
0593334361 |
| Qualifying information |
paperback |
| 020 ## - INTERNATIONAL STANDARD BOOK NUMBER |
| Cancelled/invalid ISBN |
9780593199329 |
| Qualifying information |
electronic book |
| 035 ## - SYSTEM CONTROL NUMBER |
| System control number |
(OCoLC)1141902066 |
| 037 ## - SOURCE OF ACQUISITION |
| Source of stock number/acquisition |
Penguin Group USA, Attn: Order Processing 405 Murray Hill Pkwy, East Rutherford, NJ, USA, 07073-2136 |
| Note |
SAN 201-3975 |
| 040 ## - CATALOGING SOURCE |
| Description conventions |
rda |
| 042 ## - AUTHENTICATION CODE |
| Authentication code |
pcc |
| 043 ## - GEOGRAPHIC AREA CODE |
| Geographic area code |
n-us-il |
| 050 00 - LIBRARY OF CONGRESS CALL NUMBER |
| Classification number |
PS3602.U85 |
| Item number |
B88 2020 |
| 082 00 - DEWEY DECIMAL CLASSIFICATION NUMBER |
| Classification number |
813/.6 |
| Edition number |
23 |
| 092 ## - LOCALLY ASSIGNED DEWEY CALL NUMBER (OCLC) |
| Classification number |
fiction |
| Item number |
Butcher, Jim |
| 100 1# - MAIN ENTRY--PERSONAL NAME |
| Personal name |
Butcher, Jim, |
| Dates associated with a name |
1971- |
| Relator term |
author. |
| 9 (RLIN) |
55678 |
| 245 10 - TITLE STATEMENT |
| Title |
Battle ground : |
| Remainder of title |
a novel of the Dresden files / |
| Statement of responsibility, etc |
Jim Butcher. |
| 246 3# - VARYING FORM OF TITLE |
| Title proper/short title |
Battleground. |
| 264 #1 - Production, Publication, Distribution, Manufacture, and Copyright Notice. |
| Place of production, publication, distribution, manufacture |
New York : |
| Name of producer, publisher, distributor, manufacturer |
Ace, |
| Date of production, publication, distribution, manufacture, or copyr |
[2020] |
| 300 ## - PHYSICAL DESCRIPTION |
| Extent |
418 pages ; |
| Dimensions |
24 cm. |
| 336 ## - Content Type |
| Content type term |
text |
| 337 ## - Media type |
| Media type term |
unmediated |
| 338 ## - Carrier type |
| Carrier type term |
volume |
| 490 1# - SERIES STATEMENT |
| Series statement |
The Dresden files ; |
| Volume number/sequential designation |
[17] |
| 500 ## - GENERAL NOTE |
| General note |
Series numeration from www.goodreads.com. |
| 505 0# - FORMATTED CONTENTS NOTE |
| Formatted contents note |
Battle ground -- Christmas Eve. |
| 520 ## - SUMMARY, ETC. |
| Summary, etc |
"Harry has faced terrible odds before. He has a long history of fighting enemies above his weight class. The Red Court of Vampires. The fallen angels of the Order of Blackened Denarius. The Outsiders. But this time, it's different. A being more powerful and dangerous on an order of magnitude beyond what the world has seen in a millennia is coming. And she's bringing an army. The Last Titan has declared war on the city of Chicago, and has come to subjugate humanity, obliterating any who stand in her way. Harry's mission is simple but impossible: Save the city by killing a Titan. And the attempt will change Harry's life, Chicago, and the mortal world forever."--Provided by publisher. |
| 600 10 - SUBJECT ADDED ENTRY--PERSONAL NAME |
| Personal name |
Dresden, Harry |
| Titles and other words associated with a name |
(Fictitious character) |
| Form subdivision |
Fiction. |
| 9 (RLIN) |
5747416 |
| 650 #0 - SUBJECT ADDED ENTRY--TOPICAL TERM |
| Topical term or geographic name as entry element |
Wizards |
| Form subdivision |
Fiction. |
| 9 (RLIN) |
5673726 |
| 650 #0 - SUBJECT ADDED ENTRY--TOPICAL TERM |
| Topical term or geographic name as entry element |
Private investigators |
| Geographic subdivision |
Illinois |
| -- |
Chicago |
| Form subdivision |
Fiction. |
| 9 (RLIN) |
5711655 |
| 650 #0 - SUBJECT ADDED ENTRY--TOPICAL TERM |
| Topical term or geographic name as entry element |
Imaginary wars and battles |
| Form subdivision |
Fiction. |
| 9 (RLIN) |
5673973 |
| 650 #0 - SUBJECT ADDED ENTRY--TOPICAL TERM |
| Topical term or geographic name as entry element |
Good and evil |
| Form subdivision |
Fiction. |
| 9 (RLIN) |
5674230 |
| 650 #0 - SUBJECT ADDED ENTRY--TOPICAL TERM |
| Topical term or geographic name as entry element |
Private investigators |
| Form subdivision |
Fiction. |
| 9 (RLIN) |
5674912 |
| 651 #0 - SUBJECT ADDED ENTRY--GEOGRAPHIC NAME |
| Geographic name |
Chicago (Ill.) |
| Form subdivision |
Fiction. |
| 9 (RLIN) |
5681248 |
| 651 #0 - SUBJECT ADDED ENTRY--GEOGRAPHIC NAME |
| Geographic name |
Illinois |
| Form subdivision |
Fiction. |
| 9 (RLIN) |
5763536 |
| 655 #7 - INDEX TERM--GENRE/FORM |
| Genre/form data or focus term |
Survival fiction. |
| Source of term |
lcgft |
| 9 (RLIN) |
6476744 |
| 655 #7 - INDEX TERM--GENRE/FORM |
| Genre/form data or focus term |
Fantasy fiction. |
| Source of term |
lcgft |
| 655 #7 - INDEX TERM--GENRE/FORM |
| Genre/form data or focus term |
Fantasy fiction. |
| Source of term |
fast |
| 655 #7 - INDEX TERM--GENRE/FORM |
| Genre/form data or focus term |
Fiction. |
| Source of term |
fast |
| 9 (RLIN) |
5673940 |
| 655 #7 - INDEX TERM--GENRE/FORM |
| Genre/form data or focus term |
Paranormal fiction. |
| Source of term |
fast |
| 9 (RLIN) |
5674233 |
| 655 #7 - INDEX TERM--GENRE/FORM |
| Genre/form data or focus term |
Paranormal fiction. |
| Source of term |
lcgft |
| 9 (RLIN) |
5674233 |
| 776 08 - ADDITIONAL PHYSICAL FORM ENTRY |
| Display text |
Online version: |
| Main entry heading |
Butcher, Jim, |
| Title |
Battle ground |
| Place, publisher, and date of publication |
New York : Ace, 2020. |
| International Standard Book Number |
9780593199329 |
| Record control number |
(DLC) 2020008654. |
| 800 1# - SERIES ADDED ENTRY--PERSONAL NAME |
| Personal name |
Butcher, Jim, |
| Dates associated with a name |
1971- |
| Title of a work |
Dresden files ; |
| Volume/sequential designation |
bk. 17. |
| 9 (RLIN) |
67255 |
| 942 ## - ADDED ENTRY ELEMENTS (KOHA) |
| Source of classification or shelving scheme |
Dewey Decimal Classification |
| Koha item type |
BOOK |